00575nam a2200205 a 450000100060000000300080000600500170001400800410003102000150007202000220008703500190010904000270012804100080015508200260016310000180018924500260020726000520023330000240028565000600030955583BD-RJUL20211209080303.0161120s1972 enk 001 0 eng  a0413287602 a041328770X (pbk.) a(BD-RJUL)55706 aDLCcDLCdBD-RJULbeng aeng 223a822.914bBOL 19751 aBond, Edward.10aLear /cEdward Bond,  aLondon :bEyre Methuen,cc1972 [reprinted 1975] axiv, 88 p. ;c20 cm aLear, -- King of England (Legendary character) -- Drama